Normal view
MARC view
- الشعر العربي - القرن العشرون - الأردن - تاريخ ونقد
Entry Topical Term
001 - CONTROL NUMBER
- control field: 49567
003 - CONTROL NUMBER IDENTIFIER
- control field: JO-AjAnu
005 - DATE AND TIME OF LATEST TRANSACTION
- control field: 20230606082152.0
008 - FIXED-LENGTH DATA ELEMENTS
- fixed length control field: 230606|| aca||aabn | a|a d
040 ## - CATALOGING SOURCE
- Original cataloging agency: JO-AjAnu
- Transcribing agency: JO-AjAnu
150 ## - HEADING--TOPICAL TERM
- Topical term or geographic name entry element: الشعر العربي - القرن العشرون - الأردن - تاريخ ونقد
670 ## - SOURCE DATA FOUND
- Source citation: Work cat.: (JO-AjAnu)25346: إعداد وتقديم أبو لبن، زياد, author 49566, فضاء المتخيل ورؤيا النقد: قراءات في شعر عبدالله رضوان ونقده